00481nam a2200157Ia 4500003000400000005001700004008004000021020001800061040000700079041001000086082001800096100008000114245007500194260004200269300001200311OSt20260406145544.0210210b1999 xxu||||| |||| 00| 0 eng d a81 85827 77 X cAL aHindi aH491.802 AYYV aVishwanath N E Ayyardविश्वनाथ एन.ई. अय्यर  aVyavaharik anuvad:bव्यावहारिक अनुवाद  aNayi DillibPrathiba Prathistanc1999 a8,285p.